[Event "Laval op"]
[Site "Laval CAN"]
[Date "2019.06.23"]
[Round "4.5"]
[White "Tanaka, Tyler"]
[Black "Nunez-Painchaud, Raphael"]
[Result "1-0"]
[WhiteElo "2109"]
[BlackElo "1962"]
[PlyCount "115"]
[EventDate "2019.06.21"]
[EventType "swiss"]
[EventRounds "5"]
[EventCountry "CAN"]

1. Nf3 Nf6 2. g3 g6 3. Bg2 Bg7 4. O-O O-O 5. c4 c6 6. d3 d5 7. Nbd2 b6 8. Qc2
Bb7 9. b3 c5 10. Bb2 Nc6 11. Ne5 Nxe5 12. Bxe5 Qd7 13. Qb2 Rfd8 14. a3 Rac8 15.
Rfb1 Ne8 16. Bxg7 Nxg7 17. b4 Ne6 18. bxc5 Rxc5 19. d4 Rc7 20. cxd5 Bxd5 21. e4
Bb7 22. d5 Nc5 23. Nf1 Ba6 24. Ne3 Na4 25. Qd2 f6 26. h4 Nc3 27. Rb4 Qd6 28.
Re1 Rc5 29. Bf3 e5 30. Kg2 Nb5 31. h5 g5 32. Nf5 Qc7 33. Ne3 Nd6 34. Bg4 Bc8
35. Qe2 a5 36. Rb2 Nxe4 37. Bxc8 Qxc8 38. Rxb6 Nc3 39. Qf3 Nxd5 40. Nxd5 Rcxd5
41. Qxf6 e4 42. h6 Qc7 43. Rxe4 Rf8 44. Qe6+ Qf7 45. Rb7 Qxe6 46. Rg7+ Kh8 47.
Rxe6 Rdf5 48. Ree7 Rxf2+ 49. Kh3 g4+ 50. Kxg4 Rg8 51. Rxg8+ Kxg8 52. Rg7+ Kf8
53. Rxh7 Rf6 54. Kg5 Rc6 55. g4 Kg8 56. Ra7 Rc5+ 57. Kg6 Rc6+ 58. Kh5 1-0

[Event "Laval op"]
[Site "Laval CAN"]
[Date "2019.06.23"]
[Round "4.6"]
[White "Soudre, Nicolas"]
[Black "Zheng, Richard"]
[Result "1/2-1/2"]
[WhiteElo "2086"]
[BlackElo "1993"]
[PlyCount "46"]
[EventDate "2019.06.21"]
[EventType "swiss"]
[EventRounds "5"]
[EventCountry "CAN"]

1. e4 c6 2. d4 d5 3. Nc3 dxe4 4. Nxe4 Nf6 5. Nxf6+ exf6 6. c3 Bd6 7. Bd3 O-O 8.
Qc2 Re8+ 9. Ne2 h6 10. Be3 Be6 11. O-O-O Nd7 12. Kb1 b5 13. c4 Rc8 14. Rc1 bxc4
15. Bxc4 Bxc4 16. Qxc4 Nb6 17. Qd3 Nd5 18. Nc3 Qb6 19. Nxd5 cxd5 20. Rxc8 Rxc8
21. Rc1 Rxc1+ 22. Kxc1 Qc6+ 23. Kb1 Bc7 1/2-1/2

[Event "Laval op"]
[Site "Laval CAN"]
[Date "2019.06.23"]
[Round "4.7"]
[White "Allard, Laurent"]
[Black "Tinica, Gabriel"]
[Result "1/2-1/2"]
[WhiteElo "2054"]
[BlackElo "1712"]
[PlyCount "60"]
[EventDate "2019.06.21"]
[EventType "swiss"]
[EventRounds "5"]
[EventCountry "CAN"]

1. e4 c5 2. Nf3 Nc6 3. d4 cxd4 4. Nxd4 g6 5. c4 Bg7 6. Be3 Nf6 7. Nc3 Ng4 8.
Qxg4 Nxd4 9. Qd1 e5 10. Bd3 O-O 11. O-O d6 12. Rc1 f5 13. exf5 Bxf5 14. Bxf5
Rxf5 15. Nd5 Kh8 16. Bxd4 exd4 17. Qd3 Qa5 18. a3 Raf8 19. b4 Qd8 20. Rce1 Qh4
21. Re4 Qh6 22. b5 Be5 23. h3 g5 24. Rg4 Qe6 25. Qd2 Rg8 26. Re1 Qf7 27. Re2 h5
28. Rge4 Rf8 29. f3 Qg7 30. Qd3 Kg8 1/2-1/2

[Event "Laval op"]
[Site "Laval CAN"]
[Date "2019.06.23"]
[Round "4.8"]
[White "Xu, Daniel"]
[Black "Zhong, Kevin"]
[Result "1/2-1/2"]
[WhiteElo "1907"]
[BlackElo "2039"]
[PlyCount "65"]
[EventDate "2019.06.21"]
[EventType "swiss"]
[EventRounds "5"]
[EventCountry "CAN"]

1. d4 d5 2. c4 e6 3. Nc3 Nf6 4. Bg5 Be7 5. e3 h6 6. Bh4 O-O 7. Nf3 Ne4 8. Bxe7
Qxe7 9. Rc1 c6 10. Bd3 Nxc3 11. Rxc3 Nd7 12. O-O e5 13. dxe5 dxc4 14. Bxc4 Nxe5
15. Nxe5 Qxe5 16. Qe2 Bf5 17. Bd3 Rad8 18. Bxf5 Qxf5 19. Rd1 Rxd1+ 20. Qxd1 Qf6
21. Rc2 Rd8 22. Rd2 Rxd2 23. Qxd2 Qf5 24. Qd1 Qe5 25. Qb3 b6 26. g3 Qe4 27. a3
c5 28. Qb5 Qb1+ 29. Kg2 Qe4+ 30. Kg1 Qb1+ 31. Kg2 Qe4+ 32. Kg1 Qb1+ 33. Kg2
1/2-1/2

[Event "Laval op"]
[Site "Laval CAN"]
[Date "2019.06.23"]
[Round "4.9"]
[White "Villeneuve, Robert"]
[Black "Dumoulin, Sylvain"]
[Result "0-1"]
[WhiteElo "1930"]
[BlackElo "1847"]
[PlyCount "80"]
[EventDate "2019.06.21"]
[EventType "swiss"]
[EventRounds "5"]
[EventCountry "CAN"]

1. e4 e6 2. d4 d5 3. Nd2 Nf6 4. e5 Nfd7 5. f4 c5 6. c3 Nc6 7. Ndf3 Qb6 8. g3
cxd4 9. cxd4 Bb4+ 10. Kf2 O-O 11. Kg2 f6 12. Bd3 f5 13. Ne2 Be7 14. h3 Rf7 15.
g4 g6 16. gxf5 gxf5 17. Rg1 Nf8 18. Kh2+ Rg7 19. Rxg7+ Kxg7 20. Qg1+ Kf7 21.
Ng5+ Bxg5 22. Qxg5 Nb4 23. Qg3 Bd7 24. a4 Nxd3 25. Qxd3 Rc8 26. Ra3 Qd8 27. Bd2
Qh4 28. Be3 Rc4 29. b3 Rc8 30. Ra1 Ng6 31. Rf1 Qe7 32. Ng3 Qa3 33. Rd1 Bxa4 34.
bxa4 Rc3 35. Qb1 Rb3 36. Qc1 Rxe3 37. Qc7+ Ne7 38. Rg1 Qxa4 39. Nh5 Qa2+ 40.
Rg2 Re2 0-1

[Event "Laval op"]
[Site "Laval CAN"]
[Date "2019.06.23"]
[Round "4.10"]
[White "Rodrigue-Lemieux, Shawn"]
[Black "Lesage, Philippe"]
[Result "1-0"]
[WhiteElo "2257"]
[BlackElo "1775"]
[PlyCount "74"]
[EventDate "2019.06.21"]
[EventType "swiss"]
[EventRounds "5"]
[EventCountry "CAN"]

1. e4 c5 2. Nf3 g6 3. d4 cxd4 4. Nxd4 Nc6 5. c4 Bg7 6. Be3 Nh6 7. f3 O-O 8.
Nxc6 dxc6 9. Qc1 Qa5+ 10. Nc3 Qh5 11. g4 Bxg4 12. fxg4 Nxg4 13. Be2 Qh4+ 14.
Kd1 Nxe3+ 15. Qxe3 Bh6 16. Qg3 Rad8+ 17. Kc2 Rd2+ 18. Kb3 Qf6 19. Rad1 b5 20.
Rxd2 Bxd2 21. Rf1 Qe6 22. Qd3 Bh6 23. Kc2 Qe5 24. cxb5 cxb5 25. Qg3 Qc5 26. Rf5
Qd4 27. Rd5 Qb6 28. Rxb5 Qc6 29. Rb4 Bg7 30. Rc4 Qb6 31. a3 a5 32. b3 Rd8 33.
Nd5 Qe6 34. Bd3 Be5 35. Qh4 Qd6 36. Qxe7 Qxe7 37. Nxe7+ Kf8 1-0

[Event "Laval op"]
[Site "Laval CAN"]
[Date "2019.06.23"]
[Round "4.11"]
[White "Huang, Qiuyu"]
[Black "Steinberg, Ellis"]
[Result "1/2-1/2"]
[WhiteElo "2181"]
[BlackElo "1745"]
[PlyCount "95"]
[EventDate "2019.06.21"]
[EventType "swiss"]
[EventRounds "5"]
[EventCountry "CAN"]

1. e4 g6 2. d4 d6 3. Nc3 c6 4. Bg5 Bg7 5. Qd2 b5 6. O-O-O Qa5 7. Kb1 Nd7 8. h4
Nb6 9. h5 Nc4 10. Bxc4 bxc4 11. h6 Bf6 12. Bxf6 Nxf6 13. f3 Rb8 14. Ka1 Qb4 15.
Rb1 Rb5 16. Nge2 Ra5 17. Qf4 Be6 18. g4 O-O 19. a3 Rb8 20. Na2 Qb7 21. Qd2 Rb5
22. Qc3 d5 23. e5 Nd7 24. Nec1 Nb6 25. b3 Na4 26. Qe3 c5 27. Nc3 cxd4 28. Qxd4
Nxc3 29. Qxc3 d4 30. Qxd4 cxb3 31. cxb3 Bxb3 32. Rh2 Bc2 33. Rb4 Rxb4 34. Qxb4
Qxb4 35. axb4 Bd1 36. Rf2 Kf8 37. Na2 Bb3 38. Rd2 Ke8 39. Rd4 Rd8 40. Rxd8+
Kxd8 41. Nc3 f6 42. Kb2 Be6 43. Ne4 fxe5 44. Ka3 Kc7 45. b5 Kb6 46. Kb4 Bd5 47.
Nd2 g5 48. Ne4 1/2-1/2

[Event "Laval op"]
[Site "Laval CAN"]
[Date "2019.06.23"]
[Round "4.12"]
[White "Mercure, Gilbert"]
[Black "Brassard, Sylvain"]
[Result "1-0"]
[WhiteElo "1795"]
[BlackElo "2018"]
[PlyCount "69"]
[EventDate "2019.06.21"]
[EventType "swiss"]
[EventRounds "5"]
[EventCountry "CAN"]

1. e4 e6 2. d4 d5 3. e5 c5 4. c3 cxd4 5. cxd4 Bb4+ 6. Nd2 Nc6 7. Qg4 g6 8. Ngf3
Qb6 9. Bd3 Nh6 10. Qh4 Nf5 11. Bxf5 exf5 12. O-O Be7 13. Qh6 Bf8 14. Qe3 Bd7
15. a3 Nd8 16. b4 Ba4 17. Nb3 f4 18. Qc3 Qc6 19. Nc5 Bb5 20. Re1 b6 21. a4 Bc4
22. b5 Qc8 23. Na6 Ne6 24. Ba3 Qd7 25. Bxf8 Kxf8 26. Nb4 a6 27. Nxa6 g5 28. Nb4
g4 29. Nd2 f3 30. Qe3 Qe7 31. Nxc4 dxc4 32. Qh6+ Ke8 33. Nd5 Qg5 34. Qxg5 Nxg5
35. Nc7+ 1-0

[Event "Laval op"]
[Site "Laval CAN"]
[Date "2019.06.23"]
[Round "4.13"]
[White "Yan, Alex Jikai"]
[Black "Abdelaal, Ibrahim"]
[Result "1/2-1/2"]
[WhiteElo "1417"]
[BlackElo "1903"]
[PlyCount "41"]
[EventDate "2019.06.21"]
[EventType "swiss"]
[EventRounds "5"]
[EventCountry "CAN"]

1. e4 d5 2. exd5 Nf6 3. Nf3 Nxd5 4. c4 Nf6 5. d4 Bg4 6. Be2 e6 7. O-O Be7 8.
Nc3 O-O 9. Be3 Nbd7 10. Qd2 c5 11. d5 exd5 12. Nxd5 Nxd5 13. Qxd5 Nf6 14. Qxd8
Rfxd8 15. Rfd1 b6 16. h3 Bxf3 17. Bxf3 Rxd1+ 18. Rxd1 Rd8 19. Rxd8+ Bxd8 20.
Bg5 h6 21. Bxf6 1/2-1/2

[Event "Laval op"]
[Site "Laval CAN"]
[Date "2019.06.23"]
[Round "4.14"]
[White "Craciun, David"]
[Black "Latorre, Vincent"]
[Result "0-1"]
[WhiteElo "1720"]
[BlackElo "1822"]
[PlyCount "96"]
[EventDate "2019.06.21"]
[EventType "swiss"]
[EventRounds "5"]
[EventCountry "CAN"]

1. d4 Nf6 2. Bf4 g6 3. Nc3 d5 4. e3 c6 5. Bd3 Bg7 6. Nge2 Na6 7. Bxa6 bxa6 8.
O-O O-O 9. f3 Nd7 10. e4 Bb7 11. Bg5 h6 12. Bh4 Re8 13. f4 dxe4 14. Nxe4 Qb6
15. Bf2 c5 16. d5 Rad8 17. Rb1 a5 18. N2c3 Qc7 19. Qe2 Nb6 20. Nxc5 Bxd5 21.
Nxd5 Nxd5 22. Nd3 Nb4 23. Nc5 e5 24. c3 exf4 25. Qf3 Nc6 26. Na6 Qc8 27. Nc5 g5
28. Rbd1 Ne5 29. Qb7 Qg4 30. Rxd8 Rxd8 31. Bd4 f3 32. g3 Qh3 33. Rf2 Ng4 34.
Rxf3 Qxh2+ 35. Kf1 Qh1+ 36. Ke2 Re8+ 37. Kd3 Qb1+ 38. Kd2 Qe1+ 39. Kc2 Qe7 40.
Bxg7 Kxg7 41. Qxe7 Rxe7 42. Kd2 Kg6 43. Nb3 Re5 44. c4 f5 45. Nd4 h5 46. Kd3
Rc5 47. a3 Ne5+ 48. Kc3 Rxc4+ 0-1

[Event "Laval op"]
[Site "Laval CAN"]
[Date "2019.06.23"]
[Round "4.15"]
[White "Tomb, Maroun"]
[Black "Page, Dany"]
[Result "1/2-1/2"]
[WhiteElo "2105"]
[BlackElo "1537"]
[PlyCount "44"]
[EventDate "2019.06.21"]
[EventType "swiss"]
[EventRounds "5"]
[EventCountry "CAN"]

1. c4 e5 2. Nc3 Nc6 3. g3 g6 4. Bg2 Bg7 5. e3 Nge7 6. Nge2 d6 7. O-O O-O 8. d4
f5 9. f4 e4 10. d5 Nb4 11. Bd2 a5 12. a3 Nd3 13. Rb1 c6 14. b4 cxd5 15. cxd5
axb4 16. axb4 Bd7 17. Qb3 Qb6 18. h3 Ra6 19. Nc1 Nxc1 20. Rfxc1 Rfa8 21. b5 Ra3
22. Qb4 Be8 1/2-1/2

[Event "Laval op"]
[Site "Laval CAN"]
[Date "2019.06.23"]
[Round "4.16"]
[White "Richard, Leo"]
[Black "Lafleche, Alain"]
[Result "1/2-1/2"]
[WhiteElo "1813"]
[BlackElo "1483"]
[PlyCount "99"]
[EventDate "2019.06.21"]
[EventType "swiss"]
[EventRounds "5"]
[EventCountry "CAN"]

1. e4 e5 2. Nf3 Nc6 3. Bc4 Nf6 4. d3 Bc5 5. O-O d6 6. c3 a6 7. a4 Ba7 8. h3 h6
9. Re1 Ne7 10. d4 exd4 11. e5 dxe5 12. Nxe5 Rf8 13. Qb3 Be6 14. Bxe6 fxe6 15.
Qxe6 Qd5 16. Ng6 Qxe6 17. Rxe6 Rf7 18. Ne5 Rf8 19. Ng6 Rf7 20. Ne5 Rf8 21. Bd2
Rd8 22. Ng6 Rf7 23. Na3 Kd7 24. Rxe7+ Rxe7 25. Nxe7 Kxe7 26. Re1+ Kf7 27. Nc4
dxc3 28. Bxc3 Bd4 29. Ne5+ Kg8 30. Rc1 c6 31. Nf3 Bxc3 32. Rxc3 Rd1+ 33. Kh2
Rb1 34. Rb3 b5 35. Ne5 bxa4 36. Rb8+ Kh7 37. Rb4 c5 38. Rxa4 Rxb2 39. Rxa6 Rxf2
40. Rc6 Rc2 41. Kg3 Rc3+ 42. Kf2 Ne4+ 43. Ke2 Rg3 44. Nd3 Nc3+ 45. Kd2 Ne4+ 46.
Ke2 h5 47. Rc7 Kh6 48. Nxc5 Rc3 49. Ne6 Rxc7 50. Nxc7 1/2-1/2

[Event "Laval op"]
[Site "Laval CAN"]
[Date "2019.06.23"]
[Round "4.17"]
[White "Bilodeau-Savaria, Sandy-Rose"]
[Black "Bisaillon, Marc"]
[Result "0-1"]
[WhiteElo "1425"]
[BlackElo "1752"]
[PlyCount "102"]
[EventDate "2019.06.21"]
[EventType "swiss"]
[EventRounds "5"]
[EventCountry "CAN"]

1. d4 d5 2. c4 e5 3. dxe5 d4 4. Nf3 Nc6 5. a3 Nge7 6. e3 Bg4 7. Be2 dxe3 8.
Bxe3 Qxd1+ 9. Bxd1 O-O-O 10. O-O Bxf3 11. Bxf3 Nxe5 12. Be2 Nf5 13. Bf4 Nd4 14.
Bxe5 Nxe2+ 15. Kh1 f6 16. Bc3 Bc5 17. Bd2 Nd4 18. b4 Nb3 19. Ra2 Nxd2 20. Nxd2
Bd4 21. Nf3 c5 22. Rd2 Rhe8 23. g3 b6 24. Kg2 Bc3 25. Rxd8+ Kxd8 26. bxc5 bxc5
27. Rd1+ Kc7 28. Nd2 Rd8 29. Re1 Bxd2 30. Re7+ Rd7 31. Rxd7+ Kxd7 32. Kf3 Kc6
33. Ke4 Bc3 34. Kd3 Bd4 35. f3 g5 36. g4 Kd6 37. Ke4 Ke6 38. h3 Be5 39. Kd3 Bb2
40. a4 Ke5 41. Ke3 Bd4+ 42. Ke2 Kf4 43. a5 a6 44. Kd3 Kxf3 45. Kd2 Kg3 46. Kd3
Kxh3 47. Ke4 Kxg4 48. Kd5 h5 49. Kc6 h4 50. Kb6 h3 51. Kxa6 h2 0-1

[Event "Laval op"]
[Site "Laval CAN"]
[Date "2019.06.23"]
[Round "4.18"]
[White "Deschamps, Martin"]
[Black "Bilodeau-Savaria, Carl-William"]
[Result "1-0"]
[WhiteElo "1633"]
[BlackElo "1366"]
[PlyCount "46"]
[EventDate "2019.06.21"]
[EventType "swiss"]
[EventRounds "5"]
[EventCountry "CAN"]

1. c4 Nf6 2. Nc3 c5 3. g3 Nc6 4. Bg2 g6 5. Nf3 Bg7 6. O-O e6 7. d4 cxd4 8. Nxd4
d5 9. cxd5 Nxd5 10. Nxc6 bxc6 11. Qa4 Bd7 12. Ne4 O-O 13. Rd1 Qb6 14. Qa3 Rfd8
15. Nc5 Bf8 16. b4 a5 17. Nxd7 Rxd7 18. e4 Bxb4 19. Qf3 Nf6 20. Be3 Qd8 21. Bg5
Be7 22. Bxf6 Bxf6 23. Rxd7 Bxa1 1-0

[Event "Laval op"]
[Site "Laval CAN"]
[Date "2019.06.23"]
[Round "4.20"]
[White "Yang, Kun"]
[Black "Baran, Marius"]
[Result "0-1"]
[WhiteElo "1559"]
[BlackElo "1648"]
[PlyCount "92"]
[EventDate "2019.06.21"]
[EventType "swiss"]
[EventRounds "5"]
[EventCountry "CAN"]

1. c4 e6 2. Nc3 d5 3. cxd5 exd5 4. e3 Nf6 5. Nge2 c6 6. g3 Bd6 7. Bg2 Bf5 8.
O-O Na6 9. Nd4 Bd3 10. a3 Bxf1 11. Qxf1 O-O 12. b4 Nc7 13. Rb1 Re8 14. Nc2 a6
15. a4 Ne4 16. a5 Nb5 17. Bb2 Nxd2 18. Qc1 Nxb1 19. Qxb1 Qe7 20. Ba1 Be5 21.
Qb3 Bxc3 22. Bxc3 Nxc3 23. Qxc3 Qe5 24. Nd4 h5 25. Bf3 g6 26. Qd3 Rad8 27. Qe2
Rc8 28. Qc2 Qe7 29. Qc5 f5 30. Kg2 h4 31. Qxe7 Rxe7 32. gxh4 Kg7 33. Nb3 Kf6
34. Nc5 Rh8 35. Kg3 g5 36. h5 g4 37. Bxg4 fxg4 38. Kxg4 Rg7+ 39. Kf4 Rxh5 40.
Kf3 Rxh2 41. Ke2 Rh1 42. Kf3 Rb1 43. Nd3 Rb3 44. Ke2 Rg4 45. Kd2 Rgxb4 46. Nxb4
Rxb4 0-1

[Event "Laval op"]
[Site "Laval CAN"]
[Date "2019.06.23"]
[Round "4.21"]
[White "Adam, Rafael"]
[Black "Han, Johnathan"]
[Result "1/2-1/2"]
[WhiteElo "1367"]
[BlackElo "1585"]
[PlyCount "110"]
[EventDate "2019.06.21"]
[EventType "swiss"]
[EventRounds "5"]
[EventCountry "CAN"]

1. d4 Nf6 2. Bg5 d5 3. e3 e6 4. Bd3 Be7 5. Nd2 Nbd7 6. c3 b6 7. f4 Bb7 8. Ngf3
O-O 9. O-O h6 10. Bh4 c5 11. Qe2 Rc8 12. Ne5 Nxe5 13. fxe5 Nd7 14. Bxe7 Qxe7
15. a3 f6 16. exf6 Rxf6 17. Rxf6 Qxf6 18. Rf1 Qe7 19. e4 e5 20. exd5 cxd4 21.
cxd4 Bxd5 22. dxe5 Nxe5 23. Re1 Qc5+ 24. Kh1 Nxd3 25. Qxd3 Bb7 26. Qe2 Rf8 27.
Rf1 Rxf1+ 28. Nxf1 Kf7 29. h3 Qd4 30. Ng3 g6 31. Nf1 Qe4 32. Ne3 Ke6 33. Qd2 h5
34. Nc2 Qd5 35. Qe2+ Kd6 36. Ne3 Qe4 37. Qd2+ Kc7 38. Qc3+ Kb8 39. Qd2 a6 40.
Qd6+ Ka7 41. Qd2 g5 42. Qf2 g4 43. hxg4 hxg4 44. Kg1 Qg6 45. Nf1 Qb1 46. Kh2
Qe4 47. Kg1 a5 48. Ng3 Qe5 49. Nf1 Qe6 50. Ng3 Ba6 51. Kh2 Qh6+ 52. Kg1 Qe6 53.
Kh2 Qh6+ 54. Kg1 Qe6 55. Kh2 Qh6+ 1/2-1/2

[Event "Laval op"]
[Site "Laval CAN"]
[Date "2019.06.23"]
[Round "5.2"]
[White "Martinez Mulet, Dario Leonel"]
[Black "Roussel-Roozmon, Thomas"]
[Result "0-1"]
[WhiteElo "2123"]
[BlackElo "2463"]
[PlyCount "96"]
[EventDate "2019.06.21"]
[EventType "swiss"]
[EventRounds "5"]
[EventCountry "CAN"]

1. d4 Nf6 2. c4 e6 3. Nf3 d5 4. Nc3 Bb4 5. e3 O-O 6. Bd2 Nbd7 7. Bd3 b6 8. cxd5
exd5 9. O-O Bb7 10. Ne5 Nxe5 11. dxe5 Nd7 12. f4 Nc5 13. Qc2 Nxd3 14. Qxd3 f6
15. Rad1 Be7 16. Be1 c6 17. exf6 Rxf6 18. Bh4 Rf8 19. Bxe7 Qxe7 20. e4 dxe4 21.
Nxe4 Ba6 22. Qxa6 Qxe4 23. Qd3 Qxd3 24. Rxd3 Rad8 25. Rxd8 Rxd8 26. g3 Kf7 27.
Rf2 Rd3 28. Re2 c5 29. Kf2 Kf6 30. Re3 Rd2+ 31. Re2 Rd3 32. Re3 Rd2+ 33. Re2
Rxe2+ 34. Kxe2 Ke6 35. Kd3 Kd5 36. h3 c4+ 37. Ke3 b5 38. g4 g6 39. a3 h6 40. h4
a6 41. Kf3 a5 42. Ke3 h5 43. f5 hxg4 44. fxg6 Ke6 45. Kf4 b4 46. axb4 axb4 47.
Kg5 g3 48. Kh6 g2 0-1

[Event "Laval op"]
[Site "Laval CAN"]
[Date "2019.06.23"]
[Round "5.3"]
[White "Leveille, Francois"]
[Black "Feoktistov, Dmitri"]
[Result "1-0"]
[WhiteElo "2215"]
[BlackElo "2139"]
[PlyCount "111"]
[EventDate "2019.06.21"]
[EventType "swiss"]
[EventRounds "5"]
[EventCountry "CAN"]

1. e4 c5 2. Nf3 d6 3. d4 cxd4 4. Nxd4 a6 5. Nc3 Nf6 6. Be3 e5 7. Nb3 Be6 8. f3
h5 9. Qd2 Nbd7 10. Nd5 Bxd5 11. exd5 Be7 12. c4 b6 13. h3 Nc5 14. Nxc5 bxc5 15.
Bd3 Nd7 16. O-O a5 17. Rae1 g5 18. Bf5 Nb6 19. Qc2 Bf6 20. Re2 Kf8 21. Rb1 Qe8
22. Kh1 Kg7 23. Rg1 Qe7 24. b3 Ra6 25. Bd2 a4 26. Qc1 axb3 27. axb3 Ra2 28. Bb1
Ra7 29. g3 g4 30. Qf1 Qd7 31. Rh2 gxh3 32. g4 Kf8 33. Bf5 Qb7 34. g5 Bg7 35.
Qxh3 Ra3 36. Bc2 Qc8 37. Qf1 Nd7 38. Bc1 Ra1 39. Qh3 Nb6 40. Qh4 Ra7 41. Be4
Nd7 42. Bf5 Qd8 43. Qh3 Kg8 44. Re2 Nf8 45. Qh4 Ng6 46. Qe4 Ne7 47. Bh3 Qb8 48.
Re3 Ng6 49. Rd3 Rb7 50. Bf5 Ne7 51. g6 f6 52. Be6+ Kf8 53. Be3 Ra7 54. f4 exf4
55. Bxf4 h4 56. Bh3 1-0

[Event "Laval op"]
[Site "Laval CAN"]
[Date "2019.06.23"]
[Round "5.4"]
[White "Dumoulin, Sylvain"]
[Black "Tanaka, Tyler"]
[Result "0-1"]
[WhiteElo "1847"]
[BlackElo "2109"]
[PlyCount "83"]
[EventDate "2019.06.21"]
[EventType "swiss"]
[EventRounds "5"]
[EventCountry "CAN"]

1. Nc3 c5 2. e4 Nc6 3. g3 g6 4. Bg2 Bg7 5. d3 d6 6. Be3 e5 7. Qd2 Nge7 8. Bh6
O-O 9. h4 f5 10. h5 f4 11. Bxg7 Kxg7 12. gxf4 exf4 13. hxg6 Nxg6 14. f3 Be6 15.
Bh3 Qh4+ 16. Qf2 Qxf2+ 17. Kxf2 Bg8 18. a3 Rab8 19. Nge2 a6 20. Nd5 Rbe8 21.
Rag1 Bxd5 22. exd5 Nd8 23. Nc3 Re5 24. Re1 Rfe8 25. Re4 Nf7 26. Rg1 Kf6 27.
Rxe5 Rxe5 28. Ne4+ Ke7 29. c4 Rh5 30. Bg4 Rh2+ 31. Rg2 Rxg2+ 32. Kxg2 a5 33.
Be6 Nfe5 34. Nf2 Nh4+ 35. Kf1 Nhxf3 36. Bf5 h6 37. Nh3 Nd4 38. Be4 f3 39. Kf2
Kf6 40. Ng1 Kg5 41. Nxf3+ Ndxf3 42. Bxf3 0-1

[Event "Laval op"]
[Site "Laval CAN"]
[Date "2019.06.23"]
[Round "5.5"]
[White "Zhu, Hong Rui"]
[Black "Soudre, Nicolas"]
[Result "1/2-1/2"]
[WhiteElo "2275"]
[BlackElo "2086"]
[PlyCount "133"]
[EventDate "2019.06.21"]
[EventType "swiss"]
[EventRounds "5"]
[EventCountry "CAN"]

1. e4 e5 2. Nf3 Nc6 3. d4 exd4 4. Bc4 Nf6 5. e5 d5 6. Bb5 Ne4 7. Nxd4 Bc5 8.
Be3 O-O 9. Bxc6 bxc6 10. O-O Qe8 11. Nd2 Nxd2 12. Qxd2 Qxe5 13. Nxc6 Bxe3 14.
fxe3 Qxb2 15. Qxd5 Be6 16. Qc5 Rfe8 17. a4 Qb6 18. Qc3 Bd5 19. Nd4 Qg6 20. Rf2
c6 21. Qc5 Be4 22. a5 a6 23. Rb1 Rab8 24. Rb6 h6 25. Ne2 Qg5 26. Qc4 Qd5 27.
Qxd5 Bxd5 28. Rf4 Rxb6 29. axb6 c5 30. Rf5 Bb7 31. Rxc5 Re6 32. Kf2 Rxb6 33.
Nf4 Rb2 34. Rc4 a5 35. Nd3 Ra2 36. Kg3 a4 37. Nc5 Bc6 38. Ne4 Bd5 39. Rd4 Be6
40. Nc3 Rxc2 41. Nxa4 g5 42. Nb6 h5 43. h4 gxh4+ 44. Kxh4 Rxg2 45. Kxh5 Kg7 46.
Kh4 Re2 47. Nc4 Bxc4 48. Rxc4 Rxe3 49. Kg5 Rg3+ 50. Kf5 Rg1 51. Ra4 Rf1+ 52.
Kg5 f6+ 53. Kg4 Kg6 54. Ra6 Rb1 55. Ra5 f5+ 56. Kf4 Rb4+ 57. Kf3 Kg5 58. Ra3
Rh4 59. Kg3 Rb4 60. Kf3 Rb1 61. Ra4 Rb3+ 62. Kf2 f4 63. Ra8 Rb2+ 64. Kf3 Rb3+
65. Kf2 Rb2+ 66. Kf3 Rb3+ 67. Kf2 1/2-1/2

[Event "Laval op"]
[Site "Laval CAN"]
[Date "2019.06.23"]
[Round "5.6"]
[White "Tinica, Gabriel"]
[Black "Rodrigue-Lemieux, Shawn"]
[Result "0-1"]
[WhiteElo "1712"]
[BlackElo "2257"]
[PlyCount "66"]
[EventDate "2019.06.21"]
[EventType "swiss"]
[EventRounds "5"]
[EventCountry "CAN"]

1. d4 e6 2. Bf4 g5 3. Bg3 Bg7 4. e3 d5 5. Nd2 h5 6. h4 g4 7. Bd3 Nc6 8. c4 Nh6
9. cxd5 exd5 10. Qc2 Qe7 11. Ne2 Nb4 12. Qb3 Nxd3+ 13. Qxd3 c6 14. Rc1 Nf5 15.
Nb3 Bf6 16. Nc5 b6 17. Nb3 Bd7 18. Nf4 Nd6 19. O-O Bxh4 20. Bxh4 Qxh4 21. Nd2
Qg5 22. Rfe1 h4 23. Ne2 Bf5 24. Qa3 Kd7 25. Qa4 Rhc8 26. Nc3 g3 27. f4 Qh6 28.
Nf3 f6 29. Nxd5 b5 30. Qa6 cxd5 31. Rxc8 Rxc8 32. Qxa7+ Rc7 33. Qb6 h3 0-1

[Event "Laval op"]
[Site "Laval CAN"]
[Date "2019.06.23"]
[Round "5.7"]
[White "Latorre, Vincent"]
[Black "Allard, Laurent"]
[Result "0-1"]
[WhiteElo "1822"]
[BlackElo "2054"]
[PlyCount "48"]
[EventDate "2019.06.21"]
[EventType "swiss"]
[EventRounds "5"]
[EventCountry "CAN"]

1. e4 c5 2. Nf3 d6 3. d4 cxd4 4. Nxd4 Nf6 5. Nc3 g6 6. Bc4 Bg7 7. Be3 O-O 8. f3
Nc6 9. Qd2 Bd7 10. O-O-O Rb8 11. h4 Na5 12. Bd3 b5 13. h5 Nc4 14. Bxc4 bxc4 15.
Nd5 Nxd5 16. exd5 Qb6 17. c3 Qa5 18. Kb1 Rb6 19. Nc2 Rxb2+ 20. Kxb2 Rb8+ 21.
Kc1 Qxa2 22. Qd4 Bxd4 23. Bxd4 Bf5 24. Nb4 Rxb4 0-1

[Event "Laval op"]
[Site "Laval CAN"]
[Date "2019.06.23"]
[Round "5.8"]
[White "Zhong, Kevin"]
[Black "Turcotte, Jonathan"]
[Result "1/2-1/2"]
[WhiteElo "2039"]
[BlackElo "1982"]
[PlyCount "82"]
[EventDate "2019.06.21"]
[EventType "swiss"]
[EventRounds "5"]
[EventCountry "CAN"]

1. e4 c6 2. d4 d5 3. exd5 cxd5 4. c4 Nf6 5. Nc3 Nc6 6. Bg5 dxc4 7. d5 Na5 8.
Bxc4 Nxc4 9. Qa4+ Bd7 10. Qxc4 h6 11. Bh4 g5 12. Bg3 Bg7 13. Nf3 O-O 14. O-O
Rc8 15. Qe2 Qb6 16. Rad1 Rfe8 17. Rfe1 Bg4 18. Rd2 Qb4 19. a3 Qb3 20. Be5 Red8
21. Red1 Qc4 22. Qe3 Qa6 23. d6 Rd7 24. dxe7 Rxe7 25. Rd6 Rc6 26. Rd8+ Kh7 27.
Qd4 Bxf3 28. gxf3 Rce6 29. Qd2 Rxe5 30. Qc2+ Ne4 31. Nxe4 Qg6 32. h3 h5 33.
R8d6 f6 34. Qd3 Kh6 35. Kh2 Qf5 36. Ng3 Qxd3 37. R1xd3 Kg6 38. Kg2 R7e6 39.
Rxe6 Rxe6 40. Rd7 Rb6 41. b4 Bf8 1/2-1/2

[Event "Laval op"]
[Site "Laval CAN"]
[Date "2019.06.23"]
[Round "5.9"]
[White "Zheng, Richard"]
[Black "Xu, Daniel"]
[Result "1/2-1/2"]
[WhiteElo "1993"]
[BlackElo "1907"]
[PlyCount "47"]
[EventDate "2019.06.21"]
[EventType "swiss"]
[EventRounds "5"]
[EventCountry "CAN"]

1. b3 Nf6 2. Bb2 g6 3. Nc3 Bg7 4. d4 d5 5. Qd2 O-O 6. O-O-O c5 7. e3 Nc6 8.
dxc5 e6 9. Bb5 Qe7 10. Nf3 Qxc5 11. Bxc6 Qxc6 12. Ne5 Qa6 13. Qd3 Qxd3 14. cxd3
Nd7 15. Nxd7 Bxd7 16. d4 Rac8 17. Kb1 Rc7 18. Rc1 Rfc8 19. a4 Bf8 20. Ne2 Rxc1+
21. Rxc1 Rxc1+ 22. Kxc1 Bd6 23. f4 f5 24. g3 1/2-1/2

[Event "Laval op"]
[Site "Laval CAN"]
[Date "2019.06.23"]
[Round "5.10"]
[White "Nunez-Painchaud, Raphael"]
[Black "Mercure, Gilbert"]
[Result "1-0"]
[WhiteElo "1962"]
[BlackElo "1795"]
[PlyCount "39"]
[EventDate "2019.06.21"]
[EventType "swiss"]
[EventRounds "5"]
[EventCountry "CAN"]

1. d4 d5 2. c4 Nc6 3. Nf3 Bg4 4. Nc3 dxc4 5. d5 Bxf3 6. gxf3 Na5 7. Qa4+ c6 8.
Bf4 e6 9. O-O-O Qb6 10. dxe6 fxe6 11. Bh3 Kf7 12. Rd7+ Be7 13. Bc7 Qxf2 14.
Qxa5 Nf6 15. Rxe7+ Kxe7 16. Qe5 Kf7 17. Bxe6+ Kg6 18. Qf5+ Kh6 19. Bf4+ g5 20.
Qxg5# 1-0

[Event "Laval op"]
[Site "Laval CAN"]
[Date "2019.06.23"]
[Round "5.11"]
[White "Bisaillon, Marc"]
[Black "Huang, Qiuyu"]
[Result "0-1"]
[WhiteElo "1752"]
[BlackElo "2181"]
[PlyCount "52"]
[EventDate "2019.06.21"]
[EventType "swiss"]
[EventRounds "5"]
[EventCountry "CAN"]

1. e4 c5 2. a3 g6 3. b4 Bg7 4. Nc3 d6 5. Bb5+ Bd7 6. Bxd7+ Qxd7 7. Nf3 Nc6 8.
O-O cxb4 9. axb4 Nxb4 10. Rb1 Nc6 11. d4 b6 12. Bf4 Nf6 13. e5 Nh5 14. Be3 dxe5
15. dxe5 Nxe5 16. Qxd7+ Nxd7 17. Nd5 Rc8 18. Rfe1 e6 19. Bd4 Bxd4 20. Nxd4 Rc5
21. Nxe6 fxe6 22. Rxe6+ Kd8 23. Rd1 Rxd5 24. Rxd5 Nf4 25. Rxd7+ Kxd7 26. Re4
Re8 0-1